सामाजिक सर्वेक्षण विधियाँ एवं सिद्धान्त / (Record no. 61548)

MARC details
000 -LEADER
fixed length control field 00896nam a22001937a 4500
005 - DATE AND TIME OF LATEST TRANSACTION
control field 20120127124344.0
010 ## - LCCN (DPL NO)
LC control number
020 ## - INTERNATIONAL STANDARD BOOK NUMBER
Terms of availability
International Standard Book Number
035 ## - SYSTEM CONTROL NUMBER
System control number A-391255
037 ## - SOURCE OF ACQUISITION
Source of stock number/acquisition
Stock number dpl
082 ## - DEWEY DECIMAL CLASSIFICATION NUMBER
Classification number 001.433
100 ## - MAIN ENTRY--PERSONAL NAME
Personal name श्रीवास्तव, जी.पी.
245 1# - TITLE STATEMENT
Title सामाजिक सर्वेक्षण विधियाँ एवं सिद्धान्त /
Statement of responsibility, etc जी.पी.श्रीवास्तव,
260 ## - PUBLICATION, DISTRIBUTION, ETC. (IMPRINT)
Place of publication, distribution, etc नई दिल्ली
Name of publisher, distributor, etc श्री पब्लिशिंग हाउस
Date of publication, distribution, etc 1988-89
270 ## - ADDRESS
Address
City
Postal code
Telephone number
300 ## - PHYSICAL DESCRIPTION
Extent वि.पृ.
Dimensions 22सेमी (सजिल्द)
942 ## - ADDED ENTRY ELEMENTS (KOHA)
Institution code [OBSOLETE] dpl
Item type Hindi Books
Call number prefix
Source of classification or shelving scheme Dewey Decimal Classification
Classification part 001.433
Call number suffix श्रीवास्त
Holdings
Withdrawn status Lost status Not for loan Collection code Home library Current library Date acquired Full call number Barcode Koha item type
      Non-fiction Sarojini Nagar Sarojini Nagar 27/01/2012 001.433 श्रीवास्त A-391255 Hindi Books

© Delhi Public Library
Hit Counter
free hit counter